000 00852cam a2200253 a 4500
001 000012962
005 20260417200014.0
008 850930s1964 sp 001 0 spa
040 _aDO-SdBNP
_bspa
_cCarP
_dDLC
_dBNPHU
082 _a346.054
_bP293r
100 1 _aPastor Ridruejo, Félix.
_929877
245 1 3 _aLa revocación del testamento /
_cFélix Pastor Ridruejo ; prólogo José Luis Lacruz Berdejo.
260 _aBarcelona, España :
_bEdiciones Nauta,
_c1964.
300 _a350 p. ;
_c21 cm.
490 1 _aFides
650 4 _aTestamentos
_zEspaña
_929878
650 4 _aRevocación (derecho)
_zEspaña
_929879
650 4 _aAcción revocatoria
_929880
650 0 _aNulidad
_929881
700 1 _aLacruz Berdejo, José Luis
_epról.
_929882
830 0 _aFides.
_929660
910 _aCatalogación por copia / LC
999 _a1
_n0000162
_c12610
_d12610
049 _aBNGR